000
00342nam a2200145Ia 4500
008
230718s9999 xx 000 0 und d
041
_a
Eng.
082
_a
342.02
_b
KAG-T
100
_a
Kagzi Prof. Dr Mc
245
4
_a
The Constitution of India
260
_a
Pakistan
_b
India Law House
_c
2004
300
_a
884
650
_a
Law
999
_c
29926
_d
29926